00438nam a2200145Ia 4500003000400000008004100004040001600045082001500061100003700076245008500113260004600198300001100244490000500255650003200260GCL140319s9999 xx 000 0 ara d aGCL / cGCL04a217bم ا1 aمحمد السيد الوكيل10aاسس الدعوة واداب الدعاة / cمحمد السيد الوكيل a[S.N] : bدار المجتمع ، c1991 a166 ص a04aالدعوة والدعاة